| 000 | 00925naa a2200241 4500 | ||
|---|---|---|---|
| 005 | 20110623110444.0 | ||
| 010 | _aB-430917 | ||
| 020 |
_a9780195698848 _c335.00 |
||
| 035 | _aB-430917 | ||
| 037 | _bOxford University Press | ||
| 082 | 1 | 4 | _a301 |
| 100 | 1 |
_aBeteille, Andre _929341 |
|
| 245 | 1 |
_aSociology _bessays on approach and method / _cby Andre Beteille |
|
| 250 | _a2nd ed. | ||
| 260 |
_aNew Delhi _bOxford University Press _c2010 |
||
| 270 |
_aYMCA Library Building, Jai Singh, _bNew Delhi _cDelhi _e110001 |
||
| 300 |
_ax, 323p. _c24cm (pbk) |
||
| 500 | _aIncludes index | ||
| 942 |
_adpl _cEN _2ddc _h301 _mSHA |
||
| 999 |
_c53071 _d53071 |
||